[Event "European Championship (blitz) 2015"]
[Site "Minsk BLR"]
[Date "2015.12.18"]
[Round "22"]
[White "Melkumyan, Hrant"]
[Black "Roiz, Michael"]
[Result "1-0"]
[WhiteElo "2654"]
[BlackElo "2594"]
[PlyCount "65"]
[EventDate "2015.12.18"]

1. d4 Nf6 2. Nf3 d5 3. c4 e6 4. Nc3 Nbd7 5. Bf4 dxc4 6. e3 a6 7. a4 Bd6 8. Bxc4
Bxf4 9. exf4 Nb6 10. Bd3 Nbd5 11. Qd2 b6 12. O-O O-O 13. Ne5 Bb7 14. a5 Nb4 15.
Be2 c5 16. axb6 cxd4 17. Na4 a5 18. Rfd1 Rc8 19. Rac1 Rxc1 20. Qxc1 Qd6 21. Qc5
Rd8 22. Qxa5 Nc6 23. Nxc6 Bxc6 24. Nc5 Qxf4 25. b7 Rb8 26. Qb6 Qd6 27. Bf3 Nd5
28. Qa7 e5 29. Ra1 g6 30. b4 Kg7 31. b5 Bxb7 32. Nxb7 Qc7 33. Bxd5 1-0

[Event "European Championship (rapid) 2015"]
[Site "Minsk BLR"]
[Date "2015.12.19"]
[Round "1"]
[White "Jobava, Baadur"]
[Black "Kapelchik, Andrei"]
[Result "1-0"]
[WhiteElo "2673"]
[BlackElo "1936"]
[PlyCount "25"]
[EventDate "2015.12.19"]

1. e4 e6 2. d4 d5 3. Nd2 dxe4 4. Nxe4 Qd5 5. Bd3 Nc6 6. Nf3 Nf6 7. c4 Bb4+ 8.
Bd2 Qa5 9. O-O Bxd2 10. Nexd2 O-O 11. c5 Nb4 12. Nc4 Qb5 13. Qb3 1-0

[Event "European Championship (rapid) 2015"]
[Site "Minsk BLR"]
[Date "2015.12.19"]
[Round "2"]
[White "Poleshchuk, Dmitriy"]
[Black "Jobava, Baadur"]
[Result "0-1"]
[WhiteElo "2182"]
[BlackElo "2673"]
[PlyCount "67"]
[EventDate "2015.12.19"]

1. e4 c5 2. Nf3 Nc6 3. Bb5 e5 4. Bxc6 dxc6 5. d3 Bd6 6. Nc3 Ne7 7. Be3 O-O 8.
h3 h6 9. Qd2 Be6 10. Nh2 Qd7 11. O-O-O b6 12. f3 f5 13. exf5 Nxf5 14. Ng4 h5
15. Nf2 e4 16. Kb1 exf3 17. gxf3 Nxe3 18. Qxe3 Bf4 19. Qe2 Rae8 20. Nfe4 Bxh3
21. Qf2 Re5 22. Rdg1 Be6 23. Qh4 Qd8 24. Qxd8 Rxd8 25. Nf6+ Kf7 26. Nxh5 Bh6
27. f4 Rf5 28. Ne4 Kf8 29. Rf1 c4 30. Nhg3 cxd3 31. Nxf5 Bxf5 32. cxd3 Rxd3 33.
Re1 Rd4 34. Ref1 0-1

[Event "European Championship (rapid) 2015"]
[Site "Minsk BLR"]
[Date "2015.12.19"]
[Round "3"]
[White "Jobava, Baadur"]
[Black "Veremeichik, Vladimir"]
[Result "1-0"]
[WhiteElo "2673"]
[BlackElo "2298"]
[PlyCount "75"]
[EventDate "2015.12.19"]

1. d4 d5 2. Nc3 Nf6 3. Bf4 c6 4. e3 Bf5 5. h3 h6 6. Nf3 Nbd7 7. g4 Bh7 8. Bd3
e6 9. Bxh7 Nxh7 10. Qd3 Nhf6 11. O-O-O Qa5 12. a3 Nb6 13. Nd2 Nc8 14. Rhg1 Be7
15. h4 Nd7 16. g5 hxg5 17. hxg5 Nf8 18. g6 f6 19. e4 Bd6 20. e5 fxe5 21. dxe5
Be7 22. Qf3 Qc7 23. Be3 Bd8 24. Nde4 b6 25. Nf6+ gxf6 26. exf6 Nxg6 27. Rxg6
Qf7 28. Rdg1 Nd6 29. Bd4 Nf5 30. Qd3 Nxd4 31. Qxd4 Rf8 32. Nxd5 Qd7 33. f7+
Qxf7 34. Qc4 Rc8 35. Rxe6+ Kd7 36. Rgg6 Bg5+ 37. Kb1 Qxe6 38. Nxb6+ 1-0

[Event "European Championship (rapid) 2015"]
[Site "Minsk BLR"]
[Date "2015.12.19"]
[Round "4"]
[White "Bortnyk, Mykola"]
[Black "Jobava, Baadur"]
[Result "0-1"]
[WhiteElo "2416"]
[BlackElo "2673"]
[PlyCount "168"]
[EventDate "2015.12.19"]

1. e4 c6 2. d4 d5 3. Nc3 a6 4. Be3 e6 5. Nf3 Nf6 6. Bd3 Be7 7. O-O b6 8. exd5
cxd5 9. Ne2 O-O 10. c3 a5 11. Re1 Ba6 12. Bc2 Nc6 13. Ng3 b5 14. Ne5 Rc8 15.
Qd3 g6 16. Bg5 Nxe5 17. dxe5 Nd7 18. Bh6 Re8 19. Rad1 Qc7 20. Qe3 b4 21. Ba4
bxc3 22. bxc3 Red8 23. Bg5 Nc5 24. Bc2 Bxg5 25. Qxg5 Nd7 26. Nh5 Qc5 27. Ba4
Bb5 28. Bxb5 Qxb5 29. Re3 Qc5 30. Rh3 Qf8 31. Rd4 Rb8 32. g3 h6 33. Qg4 Rdc8
34. Rf4 Rxc3 35. Kg2 Rb4 36. Nf6+ Nxf6 37. exf6 Rcc4 38. Rxc4 Rxc4 39. Qf3 Kh7
40. Qe3 h5 41. Qa7 Kg8 42. Qxa5 Qc8 43. Rh4 Rxh4 44. gxh4 d4 45. Qb6 e5 46. Qd6
Qg4+ 47. Kf1 Qd1+ 48. Kg2 Qg4+ 49. Kf1 Qh3+ 50. Kg1 Qxh4 51. Qxe5 Qg4+ 52. Kf1
Qd1+ 53. Qe1 Qa4 54. Qe7 Qa6+ 55. Kg1 Qc8 56. Qd6 Qg4+ 57. Kf1 Qd1+ 58. Kg2
Qg4+ 59. Kf1 g5 60. Qb8+ Kh7 61. Qb1+ Kh6 62. Qd3 h4 63. h3 Qe6 64. a4 Qd5 65.
a5 Qxa5 66. Qxd4 Qf5 67. Kg2 Kg6 68. Qd8 Qxf6 69. Qg8+ Qg7 70. Qa8 Qf6 71. Qg8+
Kf5 72. Qc8+ Qe6 73. Qc5+ Kg6 74. Qc2+ f5 75. f3 Qd6 76. Kh1 Qe5 77. Qd2 Qg3
78. Qg2 Qxg2+ 79. Kxg2 Kf6 80. Kf2 Ke5 81. Ke3 Kd5 82. Kd3 Kc5 83. Ke3 Kc4 84.
Ke2 f4 0-1

[Event "European Championship (rapid) 2015"]
[Site "Minsk BLR"]
[Date "2015.12.19"]
[Round "5"]
[White "Jobava, Baadur"]
[Black "Sakaev, Konstantin"]
[Result "1-0"]
[WhiteElo "2673"]
[BlackElo "2594"]
[PlyCount "89"]
[EventDate "2015.12.19"]

1. e4 e5 2. Nf3 Nc6 3. Bc4 Bc5 4. c3 Nf6 5. d4 exd4 6. e5 d5 7. Bb5 Ne4 8. cxd4
Bb6 9. h3 O-O 10. O-O Bd7 11. Ba4 Ne7 12. Bc2 c5 13. Nc3 Bf5 14. Re1 Nxf2 15.
Kxf2 cxd4 16. Kg3 dxc3 17. bxc3 Rc8 18. Bg5 Bxc2 19. Qxc2 Qd7 20. Rad1 Nf5+ 21.
Kh2 h6 22. g4 Nd4 23. Nxd4 Bxd4 24. Rxd4 hxg5 25. Re3 Rc5 26. Qf5 Qc7 27. Rdd3
Qe7 28. Re2 Re8 29. Rf3 Qc7 30. Qxg5 Rxc3 31. Rxc3 Qxc3 32. h4 f6 33. Qg6 Rxe5
34. Rc2 d4 35. h5 Rc5 36. Qe8+ Kh7 37. Qg6+ Kg8 38. Rxc3 dxc3 39. h6 Rg5 40.
Qe8+ Kh7 41. hxg7 Kxg7 42. Qc8 a5 43. Qxb7+ Kg6 44. Qc8 a4 45. Kh3 1-0

[Event "European Championship (rapid) 2015"]
[Site "Minsk BLR"]
[Date "2015.12.19"]
[Round "6"]
[White "Aleksandrov, Aleksej"]
[Black "Jobava, Baadur"]
[Result "0-1"]
[WhiteElo "2615"]
[BlackElo "2673"]
[PlyCount "88"]
[EventDate "2015.12.19"]

1. d4 Nf6 2. c4 g6 3. Nc3 Bg7 4. e4 O-O 5. Bg5 h6 6. Be3 d6 7. h3 Na6 8. Nf3 c6
9. Qd2 Kh7 10. Bd3 e5 11. O-O exd4 12. Nxd4 Re8 13. Bc2 Nb4 14. Bb1 a5 15. a3
Na6 16. Nb3 Be6 17. Bd3 a4 18. Nd4 Bd7 19. Nf3 Qa5 20. Bc2 Qc7 21. Rfd1 Be6 22.
Nxa4 Nc5 23. Nxc5 dxc5 24. Bxc5 Bxc4 25. e5 Nd5 26. Bd6 Qb6 27. h4 Kg8 28. b3
Ba6 29. h5 g5 30. Nxg5 hxg5 31. Qxg5 Re6 32. Bf5 Rh6 33. e6 Qd8 34. exf7+ Kxf7
35. Bg6+ Kg8 36. Qg3 Nc3 37. Re1 Ne2+ 38. Rxe2 Bxe2 39. Be5 Qe7 40. Bd6 Qf6 41.
Re1 Bxh5 42. Bxh5 Qxd6 43. Qg4 Rf8 44. Qc4+ Qd5 0-1

[Event "European Championship (rapid) 2015"]
[Site "Minsk BLR"]
[Date "2015.12.19"]
[Round "7"]
[White "Jobava, Baadur"]
[Black "Melkumyan, Hrant"]
[Result "1-0"]
[WhiteElo "2673"]
[BlackElo "2654"]
[PlyCount "85"]
[EventDate "2015.12.19"]

1. e4 e5 2. Nf3 Nc6 3. Bc4 Bc5 4. c3 Nf6 5. d4 exd4 6. e5 d5 7. Bb5 Ne4 8. cxd4
Bb6 9. h3 O-O 10. O-O f6 11. Bxc6 bxc6 12. Be3 fxe5 13. Nxe5 Qe8 14. Nc3 Nd6
15. Re1 Nf5 16. Rc1 Nxe3 17. Rxe3 Qd8 18. Na4 Qh4 19. Nf3 Qf6 20. Nc5 Bf5 21.
Ne5 Rae8 22. Qe1 Qg5 23. b4 Qf4 24. Nxc6 Rxe3 25. Qxe3 Qxe3 26. fxe3 Re8 27.
Kf2 Bg6 28. a4 Rf8+ 29. Ke2 Bxc5 30. Rxc5 Be4 31. Ne7+ Kh8 32. Rxc7 Bxg2 33.
Rc8 Bf1+ 34. Ke1 Rxc8 35. Nxc8 Bc4 36. Nxa7 Kg8 37. b5 Kf8 38. Nc8 Ke8 39. Nd6+
Kd7 40. Nxc4 dxc4 41. a5 g5 42. a6 Kc7 43. d5 1-0

[Event "European Championship (rapid) 2015"]
[Site "Minsk BLR"]
[Date "2015.12.19"]
[Round "1"]
[White "Koziej, Maciej"]
[Black "Zhigalko, Sergei"]
[Result "1/2-1/2"]
[WhiteElo "1997"]
[BlackElo "2655"]
[PlyCount "141"]
[EventDate "2015.12.19"]

1. e4 c5 2. Nf3 Nc6 3. Nc3 Nf6 4. d4 cxd4 5. Nxd4 e5 6. Ndb5 d6 7. Bg5 a6 8.
Na3 b5 9. Nd5 Be7 10. Bxf6 Bxf6 11. c3 Bg5 12. Nc2 Ne7 13. a4 bxa4 14. Rxa4
Nxd5 15. Qxd5 Be6 16. Qd1 Qb6 17. Rb4 Qc5 18. Be2 O-O 19. O-O a5 20. Rb5 Qc6
21. Qd3 Rfb8 22. Ra1 Bd8 23. c4 Bb6 24. Ne3 Bd4 25. Raxa5 Rxb5 26. Rxa8+ Qxa8
27. cxb5 Qa1+ 28. Bf1 Qxb2 29. Qc2 Qxc2 30. Nxc2 Bc5 31. Ne3 Kf8 32. Nd5 f5 33.
Nc7 Bc8 34. Bd3 g6 35. Kf1 Ke7 36. f3 Kd8 37. Nd5 Be6 38. Bc4 h5 39. Ke2 h4 40.
h3 Bc8 41. Kd3 g5 42. Kc3 g4 43. fxg4 fxg4 44. hxg4 Bxg4 45. Kd2 Kc8 46. Be2
Be6 47. Kc3 Kb7 48. Kb3 Bf7 49. Ka4 Bg6 50. Bf3 Bd4 51. Kb4 Be8 52. Kc4 Bd7 53.
Kb4 Bc5+ 54. Kc4 Be6 55. Kb3 Kc8 56. Kc4 Kd8 57. Kb3 Bd7 58. Ka4 Kc8 59. Ne7+
Kb7 60. Nd5 Be6 61. Kb3 Bd4 62. Kc4 Kc8 63. Kb4 Bc5+ 64. Ka5 Kd8 65. Be2 Kc8
66. b6 Bxd5 67. exd5 e4 68. Ba6+ Kb8 69. Kb5 e3 70. Kc6 Bb4 71. Be2 1/2-1/2

[Event "European Championship (rapid) 2015"]
[Site "Minsk BLR"]
[Date "2015.12.19"]
[Round "4"]
[White "Zhigalko, Sergei"]
[Black "Kashtanov, Ruslan"]
[Result "1-0"]
[WhiteElo "2655"]
[BlackElo "2346"]
[PlyCount "147"]
[EventDate "2015.12.19"]

1. e4 c5 2. Nf3 Nc6 3. c3 Nf6 4. e5 Nd5 5. Bc4 Nb6 6. Bb3 g6 7. d4 cxd4 8. Ng5
d5 9. exd6 e6 10. Qf3 f6 11. Nxe6 Bxe6 12. Bxe6 Ne5 13. Qh3 Qxd6 14. O-O f5 15.
cxd4 Qxe6 16. dxe5 O-O-O 17. Bg5 Be7 18. Bxe7 Qxe7 19. Re1 Qxe5 20. Nc3 Qf4 21.
Re7 Kb8 22. Rxh7 Rxh7 23. Qxh7 Qd2 24. Qe7 a6 25. h4 Rc8 26. Qe2 Qd6 27. Rd1
Qf6 28. g3 f4 29. Qf3 Rf8 30. Kg2 fxg3 31. Qxf6 Rxf6 32. Kxg3 Nc4 33. b3 Nd6
34. Kg4 Nf7 35. f4 Rc6 36. Rd3 Rc5 37. Nd5 Rc2 38. a4 Rg2+ 39. Kh3 Rg1 40. Rg3
Rh1+ 41. Kg2 Rxh4 42. Rxg6 Rh5 43. Ne3 Rc5 44. Rf6 Nd8 45. Kf2 Kc8 46. f5 Rc3
47. b4 Rb3 48. Rb6 Kd7 49. f6 Ke8 50. Nc4 Kf7 51. Ne5+ Kf8 52. a5 Rc3 53. Ke2
Rc7 54. Ke3 Nf7 55. Ng6+ Ke8 56. Re6+ Kd8 57. Kd4 Rc1 58. Re7 Nd6 59. Ke5 Nc8
60. f7 Re1+ 61. Kd4 Nxe7 62. f8=Q+ Kd7 63. Nxe7 Rxe7 64. Kd5 Re8 65. Qc5 Rd8
66. Ke5 Re8+ 67. Kf5 Rc8 68. Qb6 Rc7 69. Qe6+ Kd8 70. Qg8+ Kd7 71. Qb8 Kc6 72.
Ke6 Rh7 73. Qd6+ Kb5 74. Qc5+ 1-0

[Event "European Championship (rapid) 2015"]
[Site "Minsk BLR"]
[Date "2015.12.19"]
[Round "5"]
[White "Bodnaruk, Anastasia"]
[Black "Zhigalko, Sergei"]
[Result "0-1"]
[WhiteElo "2456"]
[BlackElo "2655"]
[PlyCount "122"]
[EventDate "2015.12.19"]

1. e4 c5 2. Nf3 Nc6 3. d4 cxd4 4. Nxd4 Nf6 5. Nc3 e5 6. Ndb5 d6 7. Bg5 a6 8.
Na3 b5 9. Nd5 Be7 10. Bxf6 Bxf6 11. c4 b4 12. Nc2 O-O 13. h4 a5 14. g3 Be6 15.
Bh3 a4 16. b3 Kh8 17. Kf1 Bxd5 18. exd5 Nd4 19. Nxd4 exd4 20. Kg2 d3 21. Rb1
axb3 22. axb3 Bd4 23. Qxd3 Qf6 24. Qf5 Qxf5 25. Bxf5 Ra2 26. Rhf1 Re8 27. Bd3
g6 28. g4 Re3 29. Rbd1 Bc5 30. h5 Kg7 31. hxg6 hxg6 32. Rh1 Rb2 33. Rhf1 Kh6
34. Rb1 Rxb1 35. Bxb1 Rxb3 36. f4 Rc3 37. f5 Kg5 38. fxg6 fxg6 39. Rf8 Rb3 40.
Be4 Re3 41. Bb1 Re1 42. Bd3 Rd1 43. Be4 Rg1+ 44. Kh3 Re1 45. Bf3 Rc1 46. Rb8
Rxc4 47. Kg2 Rc2+ 48. Kg3 Rc3 49. Kg2 Rc2+ 50. Kg3 Bd4 51. Be4 Re2 52. Bb1 Re3+
53. Kg2 b3 54. Rg8 Re2+ 55. Kg3 Re3+ 56. Kg2 Re1 57. Rxg6+ Kf4 58. Bf5 Re2+ 59.
Kf1 Re5 60. Rg8 Kg3 61. Rb8 Bc3 0-1

[Event "European Championship (rapid) 2015"]
[Site "Minsk BLR"]
[Date "2015.12.19"]
[Round "6"]
[White "Zhigalko, Sergei"]
[Black "Tukhaev, Adam"]
[Result "1-0"]
[WhiteElo "2655"]
[BlackElo "2564"]
[PlyCount "75"]
[EventDate "2015.12.19"]

1. e4 c5 2. Nf3 Nc6 3. c3 Nf6 4. e5 Nd5 5. Bc4 Nb6 6. Bb3 c4 7. Bc2 Qc7 8. Qe2
g5 9. h3 Bg7 10. O-O h5 11. e6 dxe6 12. Nxg5 Bd7 13. d4 cxd3 14. Bxd3 Nd5 15.
Na3 a6 16. Re1 Bf6 17. Be4 Nf4 18. Bxf4 Qxf4 19. Nf3 Rg8 20. Nc4 Rd8 21. Nb6
Qc7 22. Nxd7 Rxd7 23. Rad1 Nb8 24. Bc2 Rxd1 25. Rxd1 Nd7 26. Ba4 b5 27. Bc2 Nb6
28. Bh7 Rh8 29. Be4 Kf8 30. Nd4 Nc4 31. Nc6 Nd6 32. Bf3 Qb6 33. Ne5 Kg7 34.
Bxh5 Bxe5 35. Qxe5+ f6 36. Qxe6 Rxh5 37. Qxe7+ Nf7 38. Rd7 1-0

[Event "European Championship (rapid) 2015"]
[Site "Minsk BLR"]
[Date "2015.12.19"]
[Round "7"]
[White "Popov, Ivan RUS"]
[Black "Zhigalko, Sergei"]
[Result "1/2-1/2"]
[WhiteElo "2650"]
[BlackElo "2655"]
[PlyCount "36"]
[EventDate "2015.12.19"]

1. e4 c5 2. Nf3 Nc6 3. d4 cxd4 4. Nxd4 Nf6 5. Nc3 e5 6. Ndb5 d6 7. Bg5 a6 8.
Na3 b5 9. Nd5 Be7 10. Bxf6 Bxf6 11. c4 b4 12. Nc2 O-O 13. h4 a5 14. g3 Be6 15.
Bh3 a4 16. b3 Kh8 17. Kf1 Bxd5 18. cxd5 Nd4 1/2-1/2

[Event "European Championship (rapid) 2015"]
[Site "Minsk BLR"]
[Date "2015.12.19"]
[Round "5"]
[White "Aliyev, Rasim"]
[Black "Kovalenko, Igor"]
[Result "0-1"]
[WhiteElo "2213"]
[BlackElo "2680"]
[PlyCount "58"]
[EventDate "2015.12.19"]

1. e4 c5 2. c3 Nf6 3. e5 Nd5 4. d4 d6 5. Nf3 cxd4 6. cxd4 dxe5 7. dxe5 Nc6 8.
Bc4 Ndb4 9. Qxd8+ Nxd8 10. Na3 a6 11. O-O Bg4 12. Bd2 e6 13. Bb3 Ndc6 14. Bc3
Bxf3 15. gxf3 O-O-O 16. Nc4 Nd5 17. Rac1 Nxc3 18. Rxc3 Bb4 19. Rcc1 Kb8 20. a3
Be7 21. Rfe1 b5 22. Nd6 Nd4 23. Nxf7 Nxb3 24. Rc3 Nd4 25. Rd3 Ne2+ 26. Rxe2
Rxd3 27. Nxh8 Rxf3 28. Rd2 Kc7 29. Rc2+ Kd7 0-1

[Event "European Championship (rapid) 2015"]
[Site "Minsk BLR"]
[Date "2015.12.19"]
[Round "6"]
[White "Rogule, Laura"]
[Black "Kovalenko, Igor"]
[Result "0-1"]
[WhiteElo "2289"]
[BlackElo "2680"]
[PlyCount "108"]
[EventDate "2015.12.19"]

1. c4 b6 2. d4 e6 3. Nf3 Nf6 4. g3 Ba6 5. b3 d5 6. Bg2 Bb4+ 7. Bd2 Bd6 8. Qc2
Nbd7 9. O-O O-O 10. Nc3 dxc4 11. Rfd1 cxb3 12. axb3 Bb7 13. e4 Bb4 14. e5 Bxc3
15. Bxc3 Nd5 16. Bd2 h6 17. Re1 Qe7 18. Qe4 a5 19. Qg4 f5 20. exf6 Rxf6 21. Re2
Raf8 22. Rae1 Qf7 23. Bxh6 Rxh6 24. Ng5 Qf5 25. h3 N7f6 26. Qxf5 exf5 27. Re5
f4 28. Ne6 fxg3 29. fxg3 Rb8 30. g4 Rh4 31. g5 Nd7 32. Rxd5 Bxd5 33. Bxd5 Kh8
34. Kg2 Nf8 35. Kg3 Rh7 36. Nxc7 g6 37. Ne8 Rd8 38. Nf6 Rc7 39. h4 b5 40. h5
gxh5 41. Rh1 Rc3+ 42. Kf4 Ng6+ 43. Kf5 Ne7+ 44. Ke6 Nxd5 45. Rxh5+ Kg7 46. Nxd5
Rxb3 47. g6 Rb1 48. Ke7 Ra8 49. Nf4 Re1+ 50. Kd7 a4 51. Rh7+ Kg8 52. Kc6 a3 53.
d5 a2 54. Nh5 a1=Q 0-1

[Event "European Championship (rapid) 2015"]
[Site "Minsk BLR"]
[Date "2015.12.19"]
[Round "7"]
[White "Kovalenko, Igor"]
[Black "Loginov, Valery A"]
[Result "1-0"]
[WhiteElo "2680"]
[BlackElo "2486"]
[PlyCount "121"]
[EventDate "2015.12.19"]

1. d4 Nf6 2. c4 e6 3. Nf3 b6 4. g3 Ba6 5. Qc2 c5 6. d5 exd5 7. cxd5 d6 8. Bg2
g6 9. O-O Bg7 10. Nc3 O-O 11. Re1 Nbd7 12. Bf4 Qe7 13. e4 Ng4 14. Bg5 f6 15.
Bf4 Nge5 16. Rad1 Nxf3+ 17. Bxf3 Ne5 18. Bg2 b5 19. Bc1 c4 20. a3 Rab8 21. Ne2
Nd3 22. Rxd3 cxd3 23. Qxd3 f5 24. Nf4 Qf6 25. exf5 Qxf5 26. Be4 Qf6 27. Re2 Rb6
28. b4 Qc3 29. Qxc3 Bxc3 30. Be3 Rbb8 31. Bxa7 Ra8 32. Bb6 Bc8 33. Ba5 Bg4 34.
f3 g5 35. fxg4 gxf4 36. Kg2 fxg3 37. hxg3 Be5 38. Bf5 Kg7 39. Be6 h6 40. Rc2
Ra7 41. Rd2 Kg6 42. Rd1 h5 43. gxh5+ Kxh5 44. Rh1+ Kg5 45. Rh4 Rg7 46. Bb6 Kf6
47. g4 Ra8 48. Rh3 Ke7 49. Bf2 Bf6 50. Bf5 Kf8 51. Rh6 Kf7 52. Bg3 Rxa3 53.
Bxd6 Ra2+ 54. Kf3 Rg5 55. Rh7+ Rg7 56. Rh6 Rg5 57. Bf4 Rg7 58. d6 Ra3+ 59. Ke4
Rb3 60. Kd5 Rxb4 61. Be6+ 1-0

[Event "European Championship (rapid) 2015"]
[Site "Minsk BLR"]
[Date "2015.12.19"]
[Round "1"]
[White "Inarkiev, Ernesto"]
[Black "Babynin, Vitaly"]
[Result "1-0"]
[WhiteElo "2668"]
[BlackElo "2077"]
[PlyCount "63"]
[EventDate "2015.12.19"]

1. d4 e6 2. c4 Nf6 3. Nf3 d6 4. Nc3 c6 5. e4 Nbd7 6. Be2 Be7 7. O-O O-O 8. Bf4
Nh5 9. Be3 g6 10. Nd2 Ng7 11. f4 f6 12. Kh1 b6 13. Bd3 Bb7 14. Qf3 Rb8 15. Qh3
f5 16. Rae1 Nf6 17. Bg1 Ng4 18. Nf3 Nh5 19. g3 Kg7 20. Qg2 Rh8 21. d5 cxd5 22.
Nd4 Kf7 23. cxd5 Ng7 24. dxe6+ Nxe6 25. Bc4 d5 26. Nxe6 Kxe6 27. Bxd5+ Bxd5 28.
Nxd5 Kf7 29. exf5 Re8 30. fxg6+ hxg6 31. f5 g5 32. f6 1-0

[Event "European Championship (rapid) 2015"]
[Site "Minsk BLR"]
[Date "2015.12.19"]
[Round "2"]
[White "Kolmakov, Pavel"]
[Black "Inarkiev, Ernesto"]
[Result "1-0"]
[WhiteElo "2223"]
[BlackElo "2668"]
[PlyCount "101"]
[EventDate "2015.12.19"]

1. e4 c5 2. Nf3 e6 3. d4 cxd4 4. Nxd4 a6 5. c4 Nf6 6. Nc3 Bb4 7. Qd3 d6 8. f3
Nbd7 9. a3 Ne5 10. Qc2 Bc5 11. Be3 Qc7 12. Qd2 O-O 13. Rc1 Qe7 14. Be2 Rd8 15.
b4 Ba7 16. O-O Bd7 17. Nb3 Bxe3+ 18. Qxe3 Rdc8 19. Na5 Rab8 20. Qb6 Be8 21.
Rfd1 Nfd7 22. Qd4 g5 23. Kh1 Rc7 24. Rd2 b6 25. Nb3 Rbc8 26. Nd1 b5 27. Ne3
bxc4 28. Nxc4 d5 29. Nxe5 Rxc1+ 30. Nxc1 Rxc1+ 31. Rd1 Rxd1+ 32. Bxd1 Nf6 33.
exd5 Nxd5 34. Bb3 Qc7 35. Bxd5 Qc1+ 36. Qg1 Qc3 37. Bb7 Qxe5 38. Bxa6 Qc3 39.
Qb1 Qxa3 40. Bd3 Bc6 41. b5 Bd5 42. Bxh7+ Kg7 43. Be4 Ba2 44. Qa1+ f6 45. b6
Qb4 46. h3 Bd5 47. Qa7+ Kf8 48. Qb8+ Kg7 49. Qc7+ Kf8 50. Bxd5 exd5 51. b7 1-0

[Event "European Championship (rapid) 2015"]
[Site "Minsk BLR"]
[Date "2015.12.19"]
[Round "5"]
[White "Inarkiev, Ernesto"]
[Black "Trifonov, Denis"]
[Result "1-0"]
[WhiteElo "2668"]
[BlackElo "2198"]
[PlyCount "57"]
[EventDate "2015.12.19"]

1. d4 d5 2. c4 c6 3. Nf3 e6 4. e3 f5 5. Bd3 Nf6 6. O-O Bd6 7. b3 Qe7 8. a4 O-O
9. Ba3 Bxa3 10. Nxa3 a5 11. Ne5 Nfd7 12. Nf3 b6 13. Nc2 Bb7 14. Qd2 Na6 15.
cxd5 exd5 16. Bxa6 Bxa6 17. Rfc1 Qd6 18. Nce1 f4 19. exf4 Rxf4 20. Rxc6 Qxc6
21. Qxf4 Qc3 22. Rc1 Qb4 23. Rc7 Re8 24. Nc2 Qxb3 25. h4 Qxa4 26. Ne3 Qb5 27.
Nf5 Rf8 28. Ne7+ Kh8 29. Rxd7 1-0

[Event "European Championship (rapid) 2015"]
[Site "Minsk BLR"]
[Date "2015.12.19"]
[Round "6"]
[White "Pogosian, Manvel"]
[Black "Inarkiev, Ernesto"]
[Result "1/2-1/2"]
[WhiteElo "2382"]
[BlackElo "2668"]
[PlyCount "135"]
[EventDate "2015.12.19"]

1. d4 d5 2. c4 c6 3. Nc3 Nf6 4. Nf3 e6 5. e3 Nbd7 6. Bd3 dxc4 7. Bxc4 b5 8. Bd3
Bd6 9. Nd2 Bb7 10. Nce4 Nxe4 11. Nxe4 Be7 12. O-O Qb6 13. a4 a6 14. Bd2 c5 15.
axb5 axb5 16. Rxa8+ Bxa8 17. dxc5 Nxc5 18. Nxc5 Bxc5 19. b4 Bd6 20. Qh5 e5 21.
Rc1 Bb7 22. Qe2 Ba6 23. Be4 Bb7 24. Bd3 Ba6 25. Be4 Bb7 26. Bd3 Ba6 27. Qf3 Bb7
28. Qf5 g6 29. Qf6 O-O 30. e4 Qd8 31. Qxd8 Rxd8 32. Bxb5 Bxe4 33. Bf1 Kg7 34.
Ra1 f5 35. Bg5 Rd7 36. b5 f4 37. f3 Bc5+ 38. Kh1 Bd3 39. Bxd3 Rxd3 40. h4 h6
41. Rc1 Rd5 42. Bd8 Kf8 43. b6 Ke8 44. b7 Ba7 45. Bb6 Rb5 46. Bxa7 Rxb7 47. Bf2
Kd7 48. Ra1 Rb2 49. Kg1 Ke6 50. Ra6+ Kf5 51. Bc5 Rb7 52. h5 Rc7 53. Bf8 gxh5
54. Rxh6 Kg5 55. Re6 Kf5 56. Re8 Rc1+ 57. Kh2 Rd1 58. Bg7 Re1 59. Re7 e4 60.
fxe4+ Rxe4 61. Rxe4 Kxe4 62. Kg1 Kf5 63. Kf2 Kg4 64. Bf6 h4 65. Bd8 h3 66.
gxh3+ Kxh3 67. Kf3 Kh2 68. Kxf4 1/2-1/2

[Event "European Championship (rapid) 2015"]
[Site "Minsk BLR"]
[Date "2015.12.19"]
[Round "7"]
[White "Inarkiev, Ernesto"]
[Black "Kashtanov, Ruslan"]
[Result "1-0"]
[WhiteElo "2668"]
[BlackElo "2346"]
[PlyCount "69"]
[EventDate "2015.12.19"]

1. d4 Nf6 2. c4 g6 3. Nc3 Bg7 4. e4 d6 5. Nf3 O-O 6. Be2 c5 7. O-O Re8 8. Re1
b6 9. e5 dxe5 10. dxe5 Qxd1 11. Bxd1 Nfd7 12. Ba4 a6 13. Nd5 Ra7 14. Bg5 Kf8
15. e6 fxe6 16. Rxe6 b5 17. cxb5 axb5 18. Bxb5 Nf6 19. Nxf6 Bxf6 20. Rb6 Bd7
21. Bxf6 exf6 22. Rxf6+ Kg7 23. Rb6 Re4 24. Rxb8 Rb4 25. Bxd7 Rxb8 26. Be6 Rxb2
27. Rc1 Re7 28. Bc4 Reb7 29. Kf1 Rb1 30. Rxb1 Rxb1+ 31. Ke2 Kf6 32. Nd2 Rb2 33.
Kd3 Ke7 34. Bb3 Kd6 35. Ke4 1-0

[Event "European Championship (rapid) 2015"]
[Site "Minsk BLR"]
[Date "2015.12.19"]
[Round "1"]
[White "Guseinov, Gadir"]
[Black "Psyk, Radoslaw"]
[Result "1-0"]
[WhiteElo "2646"]
[BlackElo "2148"]
[PlyCount "125"]
[EventDate "2015.12.19"]

1. e4 c5 2. Nf3 e6 3. d4 cxd4 4. Nxd4 a6 5. Nc3 Qc7 6. Bd3 b5 7. O-O Bb7 8. Re1
Nc6 9. Nxc6 Qxc6 10. a4 b4 11. Nd5 Nf6 12. Nxf6+ gxf6 13. Qh5 Bc5 14. Be3 Rc8
15. b3 Ke7 16. Rad1 Rhg8 17. Kh1 Rg6 18. f3 Bxe3 19. Rxe3 Qc5 20. Qxc5+ Rxc5
21. Bc4 Bc6 22. Rd2 a5 23. Bd3 Rg8 24. Kg1 h5 25. Kf2 Rcg5 26. Bf1 Rc5 27. g3
Re5 28. Be2 Rh8 29. h4 f5 30. exf5 Rxf5 31. Rd4 Rc5 32. Rc4 Rxc4 33. Bxc4 d5
34. Be2 Kd6 35. f4 f6 36. Rd3 e5 37. fxe5+ fxe5 38. Rf3 Ke6 39. Bf1 e4 40. Bh3+
Ke5 41. Rf7 Kd4 42. Ke2 Rg8 43. Kf2 Kc3 44. Rc7 Kd2 45. Rxc6 e3+ 46. Kg2 Re8
47. Rf6 e2 48. Rf2 Ke3 49. Rxe2+ Kxe2 50. Bf5 d4 51. g4 hxg4 52. Kg3 Rg8 53. h5
Ke3 54. h6 Rf8 55. h7 d3 56. Bxd3 Kd4 57. Kxg4 Ke5 58. Kg5 Rc8 59. Bc4 Rh8 60.
Kg6 Rd8 61. Kg7 Rd7+ 62. Bf7 Rd8 63. h8=Q 1-0

[Event "European Championship (rapid) 2015"]
[Site "Minsk BLR"]
[Date "2015.12.19"]
[Round "2"]
[White "Kultiyasov, Mikhail"]
[Black "Guseinov, Gadir"]
[Result "0-1"]
[WhiteElo "2273"]
[BlackElo "2646"]
[PlyCount "81"]
[EventDate "2015.12.19"]

1. e4 c5 2. Nf3 Nc6 3. d4 cxd4 4. Nxd4 g6 5. c4 Bg7 6. Be3 Nf6 7. Nc3 O-O 8.
Be2 d6 9. Qd2 Bd7 10. O-O Nxd4 11. Bxd4 Bc6 12. f3 a5 13. b3 Nd7 14. Be3 Nc5
15. Rab1 e6 16. Rfc1 Be5 17. Kh1 Qh4 18. f4 Bxc3 19. Qxc3 Nxe4 20. Qe1 Qxe1+
21. Rxe1 f5 22. Rbd1 g5 23. Kg1 gxf4 24. Bxf4 e5 25. Be3 Kf7 26. Bf3 Ke6 27.
Bxe4 Bxe4 28. Rd2 Rg8 29. Kf1 Rg6 30. Red1 Ra6 31. g3 h5 32. Kf2 Rc6 33. h4 Rg8
34. Bg5 a4 35. Ke3 axb3 36. axb3 Ra8 37. b4 Ra3+ 38. Kf2 Rf3+ 39. Ke1 Rxg3 40.
b5 Rg1+ 41. Kf2 0-1

[Event "European Championship (rapid) 2015"]
[Site "Minsk BLR"]
[Date "2015.12.19"]
[Round "3"]
[White "Guseinov, Gadir"]
[Black "Shukh, Nikolai"]
[Result "1-0"]
[WhiteElo "2646"]
[BlackElo "2435"]
[PlyCount "105"]
[EventDate "2015.12.19"]

1. e4 e5 2. Nf3 Nc6 3. Bb5 a6 4. Bxc6 dxc6 5. O-O Bd6 6. c3 Qe7 7. d4 f6 8. Na3
Be6 9. Qe2 O-O-O 10. Re1 Nh6 11. dxe5 Bxe5 12. Nc4 Nf7 13. Nfxe5 Nxe5 14. Nxe5
fxe5 15. Qh5 Bf7 16. Qf5+ Qe6 17. Bg5 Rd7 18. b3 Qxf5 19. exf5 Re8 20. f3 b5
21. Re2 Rd3 22. Rae1 Rxc3 23. Rxe5 Rxe5 24. Rxe5 Rd3 25. Kf2 Rd5 26. Rxd5 Bxd5
27. Be3 Kd7 28. Bd4 g6 29. fxg6 hxg6 30. Ke3 Ke6 31. Kf4 a5 32. Kg5 Kf7 33. Be5
c5 34. Bxc7 c4 35. Bxa5 cxb3 36. axb3 Bxb3 37. Bc3 Bc2 38. h4 Bd3 39. g4 Bc2
40. f4 Bd3 41. h5 gxh5 42. Kxh5 Be2 43. f5 Bd1 44. Kg5 Bb3 45. Kf4 Bd1 46. g5
Kg8 47. g6 Bc2 48. Kg5 Bd3 49. f6 Bc4 50. Bb4 Bd5 51. Kf5 Bc4 52. Ke5 Bb3 53.
Kd6 1-0